| 000 | 00631nam a22002057a 4500 | ||
|---|---|---|---|
| 999 |
_c2675 _d2675 |
||
| 003 | AR-CdUCM | ||
| 008 | 190305b ||||| |||| 00| 0 spa d | ||
| 040 |
_aMUNICIPALIDAD PROVINCIAL DEL CUSCO _cBIBLIOTECA MUNICIPAL DEL CUSCO |
||
| 082 |
_a869.56 / _bC12 |
||
| 100 |
_aCaballero Calderón, Eduardo _99395 |
||
| 245 | _aEl Cristo de Espaldas / | ||
| 260 |
_aEcuador : _bAriel Ltda ; _c1974. |
||
| 300 |
_a152 páginas ; _c18cm |
||
| 440 |
_aColección Ariel Universal _n13 _99396 |
||
| 505 | _aNovela | ||
| 650 |
_aLiteratura contemporánea _9759 |
||
| 650 |
_aLiteratura peruana _97175 |
||
| 942 |
_2ddc _cLIBROS |
||
| 945 | _anom | ||